Personálne agentúry na slovenskom trhu práce
Enregistré dans:
| Auteur principal: | |
|---|---|
| Autres auteurs: | |
| Format: | Chapitre de livre |
| Langue: | slovaque |
| Tags: |
Pas de tags, Soyez le premier à ajouter un tag!
|
MARC
| LEADER | 00000naa$a2200000$$$4500 | ||
|---|---|---|---|
| 001 | 0308531 | ||
| 005 | 20250512111136.1 | ||
| 041 | 0 | |a slo | |
| 044 | |a SK | ||
| 245 | 1 | 0 | |a Personálne agentúry na slovenskom trhu práce |c Mária Antošová, Miroslava Eliášová |
| 100 | 1 | |a Antošová, Mária, 1965- | |
| 700 | 1 | |a Eliášová, Miroslava | |